| 000 | 00356nam a22001577a 4500 | ||
|---|---|---|---|
| 005 | 20160630103004.0 | ||
| 008 | 160630b xxu||||| |||| 00| 0 eng d | ||
| 041 | _aeng | ||
| 082 | _b19428 | ||
| 100 |
_aKochher, C L _93269 |
||
| 245 | _aSurveying I | ||
| 260 | _bS.K. Kataria & Sons | ||
| 300 | _a276 | ||
| 650 |
_aDiploma Engineering _9817 |
||
| 942 | _cBK | ||
| 999 |
_c4845 _d4843 |
||